000 00318nam a2200133 i 4500
001 bg
100 1 _aNAG, B. R.
245 0 _aTheory of Electrical Transport in Semiconductors /
_cB.R. Nag.
260 _aOxford,
_c1972.
040 _cBPK
041 _apol
942 _cKS
008 s pl f |000 0 pol
999 _c27157
_d27157
856 _uhttp://koha.tu.koszalin.pl/cgi-bin/koha/opac-detail.pl?biblionumber=27157
_yKatalog online BPK